000 02279cam a22004574i 4500
003 PE-LiUPU
005 20250731165411.0
008 151022s2011 pe a grm 000 0 spa d
035 _a(Sirsi) a155042
040 _aPE-LiUPU
_bspa
_cPE-LiUPU
_erda
099 _aTEF 2
_bQ62 2011
100 1 _aQuintana Damián, Carmen
_eautor
245 1 3 _aLa calidad del cuidado de enfermería y el nivel de satisfacción de las necesidades espirituales en los pacientes del servicio de emergencia del Hospital José Agurto Tello de Chosica /
_cCarmen Quintana Damián.
264 0 _c2011.
300 _a109 hojas :
_bilustraciones;
_c30 cm
336 _atext
_2rdacontent
337 _aunmediated
_2rdamedia
338 _avolume
_2rdacarrier
502 _aTesis
_b(Lic.) --
_cUniversidad Peruana Unión,
_d2011.
504 _aIncluye referencias
520 3 _aEl propósito del estudio fue investigar la participación del profesional de enfermería en la contrastación de los instrumentos de la presente investigación y delimitar las necesidades de una interrelación de dos realidades que son nuestras variables, en teoría y en la práctica para su desarrollo en el servicio de emergencia. Para este trabajo se seleccionó una población conformada por 40 profesionales de enfermería y 40 pacientes que pudieron responder a las preguntas realizadas, se tomó al 100 de la población como muestra representativa. El diseño utilizado según el problema y los objetivos planteados está dado por una investigación de tipo descriptivo, de diseño no experimental y correlacional de corte transversal en el que mediante un muestreo no probabilístico resultaron 40 participantes.
526 _aSEG44
526 _aSEG26
526 _aP151
526 _aP150
526 _aP149
526 _aP146
526 _aP145
526 _aP126
526 _aP125
526 _aP92
526 _aP75
526 _aP74
526 _aP27
526 _aP15
650 1 4 _aEnfermería
_xAspectos espirituales.
700 1 _aHuamaní Quintana Claudio Moisés
_eautor
596 _a1
942 _2ddc
_cTESIS
999 _aTEF 2 Q62 2011
_wALPHANUM
_c7733
_iT01294
_lCCODEBUL3
_mBUL
_r1
_sY
_tTESIS
_u2015-10-22
_xSALUD
_PP22
_o.STAFF. Tesis
_d7733
980 _81
_gALBERTO SANCHEZ Responsable de Automatización